South America's Finest Football Talent In 2016 Quiz Stats

 Plays Quiz not verified by Sporcle

Challenge
Share
Tweet
Embed
Score 0/40 Timer 10:00
0 Plays Today
Position Player % Correct
MIDAlexis Sanchez
92.5%
FWDLionel Messi
92.5%
FWDLuis Suarez
90%
MIDArturo Vidal
90%
MIDJames Rodriguez
90%
FWDNeymar
88.8%
FWDHulk
87.5%
DEFThiago Silva
87.5%
FWDEdison Cavani
86.3%
GKClaudio Bravo
86.3%
FWDSergio Aguero
85%
DEFDavid Luiz
85%
DEFMarcelo
85%
FWDGonzalez Higuain
83.8%
DEFJavier Mascherano
83.8%
DEFDani Alves
83.8%
DEFDiego Godin
83.8%
MIDAntonio Valencia
83.8%
FWDRadamel Falcao
82.5%
MIDPhilippe Coutinho
81.3%
Position Player % Correct
DEFMarcos Rojo
78.8%
MIDErik Lamela
77.5%
MIDWillian
77.5%
MIDJuan Cuadrado
75%
MIDJavier Pastore
73.8%
MIDDouglas Costa
73.8%
DEFNicolas Otamendi
72.5%
MIDAngel Di Maria
71.3%
FWDPaula Dybala
70%
DEFMarquinhos
70%
FWDJackson Martinez
68.8%
GKFernando Muslera
68.8%
FWDCarlos Bacca
67.5%
MIDLucas Moura
66.3%
MIDGary Medel
62.5%
DEFMiranda
51.3%
DEFJose Gimenez
47.5%
DEFJeison Murillo
37.5%
FWDAntonio Sanabria
25%
FWDGabriel Barbosa
8.8%

You're not logged in!

Compare scores with friends on all Sporcle quizzes.
Join for Free
OR
Log In

You Might Also Like...

Show Comments

Extras

Top Quizzes Today


Score Distribution

Your Account Isn't Verified!

In order to create a playlist on Sporcle, you need to verify the email address you used during registration. Go to your Sporcle Settings to finish the process.

Report this User

Report this user for behavior that violates our Community Guidelines.

Details: